LDR 00772naa#a2200181#i#450# 001 EN\\bibl\121826 005 20260630211357.2 011 ## _a2073-0454 100 ## _a20260226b2026####ek#y0engy0150####ca 102 ## _aRU 200 1# _aPsychological stability of an officer in extreme situations: theoretical analysis of the problem _eJournal article 210 1# _aMoscow _cMoscow University of the Ministry of Internal Affairs of Russia named after V.Ya. Kikot _d2026 215 ## _a6 с. 608 ## _aJournal article _2local 675 ## _aПсихология. 159.9 _aВойна. социология войны. Философия войны. Милитаризм. 355.01 _z 700 #1 _aZhukovskiy _gVladimir Petrovich 700 #1 _aZhukovskiy _gSergey Vladimirovich 856 4# _amosumvd.editorum.ru _u